Les 15 premier brawlers - Statistiques

Statistiques générales
  • Ce quiz a été pris 40 fois
  • Le résultat moyen est 8 sur 15
Statistiques - réponses
Hint Réponse % Correct
1 Shelly
100%
2 Colt
86%
9 Nita
68%
11 El Costo
64%
3 Bull
61%
8 Jessie
61%
14 Poco
57%
4 Brock
50%
13 Corbac
50%
7 Bartaba
46%
5 Ricochet
46%
6 Spike
46%
10 Dynamike
39%
12 Mortis
32%
15 Bo
25%
Aucun quiz correspondant
Distribution des résultats
% des personnes avec chaque résultat
Percentile par nombre de réponses
Votre historique - résultats
Vous n’avez pas pris ce quiz